• 首页
  • 本馆介绍
  • 公告通知
  • 最新文献
  • 馆藏检索
  • 电子资源
  • 读者导购
  • 参考咨询
  • 我的图书馆
  • 登录
  • 详细信息显示
  • 放入我的书架
  • 预约/预借图书
  • 作者相关作品
  • 分类相关作品
  • 丛书相关作品
  • 出版社相关作品

书目信息

  • 表格格式
  • 工作单格式
  • 卡片格式
题名:
全国音乐素养等级考试 音乐基础知识
    
 
作者: 赵易山 主编 ;中央音乐学院 编
分册: 下册   乐理·视唱练耳分册
出版信息: 北京   人民音乐出版社  2021.01
页数: 111页
开本: 31cm
丛书名:
单 册:
中图分类: J6 , J613
科图分类:
主题词: 音乐--yin yue--等级考试--教材 , 基本乐理--ji ben yue li--等级考试--教材 , 视唱练耳--shi chang lian er--等级考试--教材
电子资源:
ISBN: 978-7-103-05989-0
000 01240nam 2200301 450
001 CAL 0120141424957
005 20230303120754.81
010    @a978-7-103-05989-0@dCNY72.00
100    @a20210227d2021 em y0chiy0120 ea
101 0  @achi
102    @aCN@b110000
105    @aag z 001yy
106    @ar
200 1  @a全国音乐素养等级考试 音乐基础知识@Aquan guo yin yue su yang deng ji kao shi yin yue ji chu zhi shi@h下册@i乐理·视唱练耳分册@i高级@e音乐版@f中央音乐学院编@g赵易山主编
210    @a北京@c人民音乐出版社@d2021.01
215    @a111页@c彩图, 乐谱@d31cm
320    @a有索引
330    @a本书每一级别均分为上、下两册, 在坚持原有的编写理念及教学进度的基础之上, 突出了音乐性、趣味性、合作性、创造性的课程设计特点。每课均加入了大量实际的音乐作品、与考试相关的教学练习。本册为下册。
517 1  @a乐理·视唱练耳分册@Ayue li · shi chang lian er fen ce
606 0  @a音乐@Ayin yue@x等级考试@j教材
606 0  @a基本乐理@Aji ben yue li@x等级考试@j教材
606 0  @a视唱练耳@Ashi chang lian er@x等级考试@j教材
690    @aJ6@v5
690    @aJ613@v5
701  0 @a赵易山@Azhao yi shan@4主编
712 02 @a中央音乐学院@Azhong yang yin yue xue yuan@4编
801  0 @aCN@bBJXHZP@c20230228
905    @b1385729-32@dJ6@e1484:2@f4
    
    全国音乐素养等级考试 音乐基础知识.下册.乐理·视唱练耳分册.高级:音乐版/中央音乐学院编/赵易山主编.-北京:人民音乐出版社,2021.01
    111页:彩图, 乐谱;31cm
    
    
    ISBN 978-7-103-05989-0:CNY72.00
    本书每一级别均分为上、下两册, 在坚持原有的编写理念及教学进度的基础之上, 突出了音乐性、趣味性、合作性、创造性的课程设计特点。每课均加入了大量实际的音乐作品、与考试相关的教学练习。本册为下册。
●
相关链接 在E读中查询图书 在五车中查询图书 在当当中查询图书 在豆瓣中查询图书


正题名:全国音乐素养等级考试 音乐基础知识     索取号:J6/1484:2         预约/预借

序号 登录号 条形码 馆藏地/架位号 状态 备注
1 1385729   213857290   第一样本阅览室/ [索取号:J6/1484:2] 在馆    
2 1385730   213857307   第一借阅区/ [索取号:J6/1484:2] 在馆    
3 1385731   213857316   第一借阅区/ [索取号:J6/1484:2] 在馆    
4 1385732   213857325   第一借阅区/ [索取号:J6/1484:2] 在馆    
唐山师范学院图书馆 欢迎您!
大连网信软件有限公司© 版权所有